Blaise Pascal - Quiz - Statistiques

Statistiques générales
  • Ce quiz a été pris 15 fois
  • Le résultat moyen est 5 sur 15
Statistiques - réponses
Question Réponse % Correct
Invention ancêtre de la calculatrice Pascaline
90%
Œuvre posthume Pensées
80%
Ville de naissance Clermont
60%
Activité scientifique Mathématicien
50%
Religion Catholicisme
40%
Ensemble de dix-huit lettres Les Provinciales
40%
Nom de son expérience mystique Nuit de feu
30%
Argumentation philosophique poussant à croire en Dieu Pari de Pascal
30%
Activité idéologique Philosophe
30%
Mouvement religieux Jansénisme
20%
Type de calculs découlés d'une de ses méthodes de résolution Probabilités
20%
Activité littéraire Ecrivain
10%
Abbaye dont il était proche Port-Royal
10%
Influencé religieusement par Saint Augustin
10%
Nom de la première expérience de ligne de transport en commun Carrosses à cinq sols
0%
Aucun quiz correspondant
Distribution des résultats
% des personnes avec chaque résultat
Percentile par nombre de réponses
Votre historique - résultats
Vous n’avez pas pris ce quiz